How to manage your children

Bibliographic Details
Main Author: Parkinson, C Northcote
Other Authors: Pavri S, Rustomji, M K
Format: Book
Language:English
Published: Singapore : Federal Publications , 1984
Subjects:

MARC

LEADER 00000cam a2200000 7i4500
001 0000027047
005 20161122.0
008 161110 si eng
020 |a 9971404451 
040 |a INS 
090 0 0 |a BF721   |b P37 1984 
100 1 |a Parkinson, C Northcote 
245 1 0 |a How to manage your children   |c C Northcote Parkinson, M K Rustomji, S Pavri 
260 |a Singapore :   |b Federal Publications ,   |c 1984 
300 |a vi, 114p. :   |b illustration ;   |c 19cm. 
650 0 |a Child psychology 
650 0 |a Child rearing 
700 1 |a Pavri S 
700 1 |a Rustomji, M K 
999 |a 0000023190   |b BOOK   |c Open Shelf   |e Default branch